000 00996nac a22002771i 4500
003 EG-ScBUE
005 20250615090758.0
008 250615t1978 nyua f b 001 0 eng d
020 _a0070477108
040 _aEG-ScBUE
_beng
_erda
_cEG-ScBUE
_dEG-ScBUE
082 0 4 _a535
_bHAN
_222
245 0 0 _aHandbook of optics /
_csponsored by the Optical Society of America ; Walter G. Driscoll, editor, William Vaughan, associate editor.
264 1 _aNew York :
_bMcGraw-Hill,
_c[1978]
264 4 _cc1978
300 _a1 volume (various pagings) :
_billustrations ;
_c24 cm
336 _2rdacontent
_atext
_btxt
337 _aunmediated
_2rdamedia
_bn
338 _avolume
_bnc
_2rdacarrier
504 _aIncludes bibliographical references and index.
650 7 _aOptics
_xHandbooks, manuals, etc.
_2BUEsh
655 _vReading book
700 1 _aDriscoll, Walter G.,
_eauthor.
700 1 _aVaughan, William,
_d1915-
_eauthor.
710 2 _aOptical Society of America,
_esponser.
942 _cNB
_2ddc
999 _c9351
_d9351